[Event "ICS rated standard match"]
[Site "204.178.125.65"]
[Date "2000.12.17"]
[Round "?"]
[White "Hossa"]
[Black "BOXERMA"]
[Result "1/2-1/2"]
[WhiteElo "2309"]
[BlackElo "1940"]
[PlyCount "95"]
[EventDate "2000.??.??"]

1. e4 c5 2. Ne2 Nc6 3. d4 cxd4 4. Nxd4 d6 5. Bb5 Bd7 6. O-O Nxd4 7. Bxd7+ Qxd7
8. Qxd4 Nf6 9. Bg5 h6 10. Bxf6 gxf6 11. f3 Bg7 12. Na3 O-O 13. c3 f5 14. Qd5
fxe4 15. fxe4 Qc6 16. Qd3 Rac8 17. Rf2 Qc5 18. Raf1 a6 19. Qf3 b5 20. Nc2 a5
21. Ne3 e6 22. a3 b4 23. cxb4 axb4 24. axb4 Qxb4 25. Qf4 Qc5 26. Rc2 Qh5 27.
Rd2 Be5 28. Qg4+ Qxg4 29. Nxg4 Kg7 30. Nxe5 dxe5 31. g4 Rc4 32. Re2 Rb8 33. h4
Rcb4 34. Rb1 Rb3 35. Kh2 R8b4 36. g5 h5 37. Kg2 Rd4 38. Rc1 Rdb4 39. Rcc2 Rd4
40. Rc5 Rdb4 41. Rxe5 Rxb2 42. Rxb2 Rxb2+ 43. Kg3 Rb3+ 44. Kg2 Re3 45. Kh2 Kg6
46. Kg2 Kg7 47. Kh2 Kg6 48. Kg2 {Game drawn by mutual agreement} 1/2-1/2

[Event "ICS rated blitz match"]
[Site "204.178.125.65"]
[Date "2000.12.17"]
[Round "?"]
[White "postalex"]
[Black "Hossa"]
[Result "0-1"]
[WhiteElo "2140"]
[BlackElo "2564"]
[PlyCount "34"]
[EventDate "2000.??.??"]

1. e4 c5 2. Nf3 Nc6 3. d4 cxd4 4. Nxd4 e5 5. Nb5 d6 6. N1c3 a6 7. Na3 b5 8. Nd5
Nge7 9. c4 Nd4 10. cxb5 Nxd5 11. exd5 Qh4 12. Be3 Nf5 13. bxa6 Nxe3 14. Bb5+
Ke7 15. Qf3 Qb4+ 16. Ke2 Bg4 17. Kxe3 Qd4+ {postalex resigns} 0-1

[Event "ICS rated blitz match"]
[Site "204.178.125.65"]
[Date "2000.12.17"]
[Round "?"]
[White "Younis-T"]
[Black "Hossa"]
[Result "0-1"]
[WhiteElo "2002"]
[BlackElo "2567"]
[PlyCount "49"]
[EventDate "2000.??.??"]

1. e4 c5 2. Nf3 Nc6 3. d4 cxd4 4. Nxd4 e6 5. Nc3 Bb4 6. Ndb5 Nf6 7. Bg5 O-O 8.
a3 Be7 9. Be2 Nxe4 10. Bxe7 Nxc3 11. Bxd8 Nxd1 12. Bf6 Nxf2 13. Bxg7 Nxh1 14.
Bxf8 Kxf8 15. Bd3 a6 16. Nc3 d5 17. Ke2 Ng3+ 18. hxg3 Kg7 19. Rh1 h6 20. Kf2
Bd7 21. Rh4 Ne5 22. Be2 Rg8 23. Rh5 f5 24. Bf3 Rc8 25. Bd1 {Younis-T resigns}
0-1

[Event "ICS rated blitz match"]
[Site "204.178.125.65"]
[Date "2000.12.17"]
[Round "?"]
[White "Hossa"]
[Black "Younis-T"]
[Result "1-0"]
[WhiteElo "2568"]
[BlackElo "2001"]
[PlyCount "63"]
[EventDate "2000.??.??"]

1. d4 g6 2. e4 Bg7 3. c3 Nf6 4. e5 Ng8 5. Bb5 c6 6. Bd3 d6 7. exd6 exd6 8. Nf3
Nf6 9. O-O O-O 10. Re1 Re8 11. Rxe8+ Qxe8 12. Bf4 d5 13. Nbd2 Nbd7 14. Qc2 Nf8
15. Re1 Be6 16. Ng5 Qd7 17. Nb3 b6 18. Be5 Re8 19. Nd2 Qc8 20. Nf1 N8d7 21. Bd6
Bf8 22. Bg3 c5 23. Nxe6 Rxe6 24. Rxe6 fxe6 25. Qe2 Kf7 26. Ba6 Qe8 27. Nd2 c4
28. Nf3 h6 29. Bb5 Qe7 30. Bh4 Qd6 31. Ne5+ Kg7 32. Bxf6+ {Younis-T resigns}
1-0

[Event "ICS rated standard match"]
[Site "204.178.125.65"]
[Date "2000.12.17"]
[Round "?"]
[White "Hossa"]
[Black "DukeBishop"]
[Result "1-0"]
[WhiteElo "2296"]
[BlackElo "2041"]
[PlyCount "79"]
[EventDate "2000.??.??"]

1. e4 e5 2. Nf3 Nc6 3. Bb5 a6 4. Ba4 Nf6 5. O-O Be7 6. Re1 b5 7. Bb3 O-O 8. c3
d5 9. exd5 Nxd5 10. Nxe5 Nxe5 11. Rxe5 c6 12. Bxd5 cxd5 13. d4 Bd6 14. Re3 Qh4
15. h3 Bd7 16. Nd2 Rae8 17. Nf3 Qh5 18. g4 Bxg4 19. hxg4 Qxg4+ 20. Kf1 Re6 21.
Ke2 Rfe8 22. Rxe6 Rxe6+ 23. Be3 Rf6 24. Qh1 Qe4 25. Rg1 Qc2+ 26. Nd2 Qxb2 27.
Qxd5 Qxc3 28. Qg5 Rg6 29. Qd8+ Bf8 30. Rxg6 fxg6 31. Qd5+ Kh8 32. Qe6 Qa3 33.
Nf3 b4 34. Ne5 h6 35. Nxg6+ Kh7 36. Nxf8+ Kh8 37. Ng6+ Kh7 38. Ne7 Qb2+ 39. Bd2
Qxd4 40. Qg8# {DukeBishop checkmated} 1-0

[Event "ICS rated standard match"]
[Site "204.178.125.65"]
[Date "2000.12.17"]
[Round "?"]
[White "Hossa"]
[Black "DanQuigley"]
[Result "1-0"]
[WhiteElo "2302"]
[BlackElo "1942"]
[PlyCount "55"]
[EventDate "2000.??.??"]

1. e4 c5 2. Nf3 d6 3. Bb5+ Bd7 4. Bxd7+ Qxd7 5. c4 Nc6 6. d4 cxd4 7. Nxd4 g6 8.
Nxc6 Qxc6 9. Qd4 Nf6 10. Nc3 Bg7 11. O-O O-O 12. e5 Nd7 13. Nd5 Rfe8 14. Qh4 f6
15. exd6 Qxd6 16. Bf4 e5 17. Be3 b6 18. Rfd1 Qc6 19. b3 Rad8 20. Rd2 Nc5 21.
Ne7+ Rxe7 22. Rxd8+ Re8 23. Rxe8+ Qxe8 24. Bxc5 bxc5 25. Qe4 Bf8 26. Rd1 a5 27.
Qd5+ Kh8 28. Qd8 {DanQuigley resigns} 1-0

[Event "ICS rated standard match"]
[Site "204.178.125.65"]
[Date "2000.12.17"]
[Round "?"]
[White "Angelique14"]
[Black "Hossa"]
[Result "*"]
[WhiteElo "2167"]
[BlackElo "2306"]
[PlyCount "25"]
[EventDate "2000.??.??"]

1. e4 c5 2. Nf3 Nc6 3. d4 cxd4 4. Nxd4 e6 5. c4 Qh4 6. Nc3 Bb4 7. Qd3 Nf6 8.
Nxc6 dxc6 9. e5 Qe4+ 10. Qxe4 Nxe4 11. Bd2 Bxc3 12. Bxc3 Nxc3 13. b3 {
Game adjourned when Angelique14 disconnected} *

[Event "ICS rated blitz match"]
[Site "204.178.125.65"]
[Date "2000.12.17"]
[Round "?"]
[White "Hossa"]
[Black "monsoon"]
[Result "1-0"]
[WhiteElo "2569"]
[BlackElo "2348"]
[PlyCount "167"]
[EventDate "2000.??.??"]

1. e4 Nf6 2. e5 Nd5 3. d4 d6 4. Nf3 Bg4 5. Be2 e6 6. O-O Be7 7. c4 Nb6 8. Be3
O-O 9. Nc3 Nc6 10. exd6 cxd6 11. d5 Bxf3 12. Bxf3 Ne5 13. b3 Bf6 14. Be4 Nexc4
15. bxc4 Bxc3 16. Bxh7+ Kxh7 17. Qd3+ Kg8 18. Qxc3 exd5 19. Bxb6 Qxb6 20. cxd5
Rfc8 21. Qd2 Rab8 22. Rfe1 Qd8 23. Qf4 Rc5 24. Rad1 Rc2 25. Qa4 Rbc8 26. Rb1 b6
27. Qxa7 Qg5 28. Qd7 Qxd5 29. Rbd1 Qc6 30. Qxd6 Qxd6 31. Rxd6 Rxa2 32. Rxb6
Rcc2 33. Rf1 Kh7 34. g3 g5 35. Kg2 g4 36. Rf6 Kg7 37. Rf4 f5 38. Rxf5 Rc4 39.
h3 Kg6 40. Re5 Kf6 41. Re3 Kf5 42. hxg4+ Kxg4 43. Re5 Rc3 44. Re4+ Kg5 45. Rf4
Rc8 46. Re1 Rd2 47. Re5+ Kh6 48. Ref5 Re8 49. Kh3 Rh8 50. Rh4+ Kg6 51. Rxh8
Kxf5 52. g4+ Kg5 53. f4+ Kxf4 54. Rh5 Rd3+ 55. Kh4 Rd1 56. Rf5+ Ke4 57. Rf7
Rh1+ 58. Kg5 Kd5 59. Kg6 Rg1 60. g5 Ke6 61. Rf2 Ke5 62. Kh6 Rg3 63. g6 Rg1 64.
g7 Ke6 65. Kh7 Rh1+ 66. Kg8 Ke7 67. Re2+ Kd6 68. Re4 Kd5 69. Rg4 Rc1 70. Kf7
Rc7+ 71. Kf6 Rc6+ 72. Kf5 Rc8 73. g8=Q+ Rxg8 74. Rxg8 Kc4 75. Rd8 Kb4 76. Rc8
Ka3 77. Rb8 Ka2 78. Ke6 Ka1 79. Rb7 Ka2 80. Kd5 Ka1 81. Kc4 Ka2 82. Kc3 Ka1 83.
Kc2 Ka2 84. Ra7# {monsoon checkmated} 1-0

[Event "ICS rated standard match"]
[Site "204.178.125.65"]
[Date "2000.12.17"]
[Round "?"]
[White "BrazilianMaster"]
[Black "Hossa"]
[Result "*"]
[WhiteElo "2665"]
[BlackElo "2306"]
[PlyCount "58"]
[EventDate "2000.??.??"]

1. c4 Nf6 2. Nf3 e6 3. Nc3 c5 4. g3 d5 5. cxd5 exd5 6. d4 cxd4 7. Nxd4 Nc6 8.
Bg2 Bb4 9. O-O O-O 10. Be3 Be6 11. Qb3 Qa5 12. Rfd1 Rfc8 13. Rac1 Nxd4 14. Bxd4
Ne4 15. a3 Bxc3 16. Bxc3 Qa6 17. Bd4 Qxe2 18. Qxb7 Nd6 19. Qb4 Rd8 20. Re1 Qg4
21. h3 Qh5 22. h4 a5 23. Qd2 Nc4 24. Qc3 Qg6 25. b3 Nd6 26. Qa1 Ne4 27. h5 Qg5
28. Rc7 Rdc8 29. Rxc8+ Rxc8 {Game adjourned when Hossa got disconnected} *

[Event "ICS Rated standard match"]
[Site "204.178.125.65"]
[Date "2000.12.17"]
[Round "?"]
[White "BrazilianMaster"]
[Black "Hossa"]
[Result "1-0"]
[WhiteElo "2665"]
[BlackElo "2306"]
[PlyCount "119"]
[EventDate "2000.??.??"]

1. c4 Nf6 2. Nf3 e6 3. Nc3 c5 4. g3 d5 5. cxd5 exd5 6. d4 cxd4 7. Nxd4 Nc6 8.
Bg2 Bb4 9. O-O O-O 10. Be3 Be6 11. Qb3 Qa5 12. Rfd1 Rfc8 13. Rac1 Nxd4 14. Bxd4
Ne4 15. a3 Bxc3 16. Bxc3 Qa6 17. Bd4 Qxe2 18. Qxb7 Nd6 19. Qb4 Rd8 20. Re1 Qg4
21. h3 Qh5 22. h4 a5 23. Qd2 Nc4 24. Qc3 Qg6 25. b3 Nd6 26. Qa1 Ne4 27. h5 Qg5
28. Rc7 Rdc8 29. Rxc8+ Rxc8 30. b4 axb4 31. axb4 Nd6 32. Bf3 Nc4 33. b5 Bg4 34.
Bh1 Bxh5 35. b6 Rb8 36. Re5 Qg6 37. b7 Nxe5 38. Bxe5 Qc6 39. Bxb8 Qxb7 40. Qe5
Qb1+ 41. Kh2 h6 42. Ba7 Qd1 43. Bd4 f6 44. Bxd5+ Kh7 45. Qb8 Qxd4 46. Bg8+ Kg6
47. Qe8+ Kf5 48. Qxh5+ g5 49. Qe2 Qd7 50. Be6+ Qxe6 51. g4+ Kg6 52. Qxe6 Kg7
53. Qe7+ Kg8 54. f3 Kh8 55. Qf7 f5 56. gxf5 g4 57. fxg4 h5 58. g5 h4 59. g6 h3
60. Qf8# {Hossa checkmated} 1-0

[Event "ICS rated blitz match"]
[Site "204.178.125.65"]
[Date "2000.12.17"]
[Round "?"]
[White "Amateur"]
[Black "Hossa"]
[Result "1-0"]
[WhiteElo "2535"]
[BlackElo "2576"]
[PlyCount "69"]
[EventDate "2000.??.??"]

1. d4 Nf6 2. Nf3 g6 3. g3 Bg7 4. Bg2 O-O 5. Bf4 d6 6. Nc3 c6 7. Qd2 Na6 8.
O-O-O b5 9. Ng5 b4 10. Nce4 Nd5 11. Qd3 Qa5 12. Kb1 Nxf4 13. gxf4 h6 14. Nf3
Be6 15. b3 Qa3 16. Rhg1 Bf5 17. Nh4 Bd7 18. f5 d5 19. fxg6 dxe4 20. gxf7+ Rxf7
21. Bxe4 e6 22. Bh7+ Kf8 23. Ng6+ Ke8 24. Ne5 c5 25. Bg6 Bxe5 26. dxe5 Nb8 27.
Bxf7+ Kd8 28. Bxe6 Kc7 29. Qd6+ Kb7 30. Bd5+ Bc6 31. Rg7+ Kb6 32. Qd8+ Ka6 33.
Bc4+ Bb5 34. Rd6+ Nc6 35. Rxc6# {Hossa checkmated} 1-0

[Event "ICS rated standard match"]
[Site "204.178.125.65"]
[Date "2000.12.17"]
[Round "?"]
[White "Hossa"]
[Black "BrazilianMaster"]
[Result "0-1"]
[WhiteElo "2302"]
[BlackElo "2669"]
[PlyCount "84"]
[EventDate "2000.??.??"]

1. e4 e5 2. Bc4 Nf6 3. d3 Nc6 4. Nf3 Bc5 5. c3 d6 6. O-O O-O 7. b4 Bb6 8. Qb3
Ne7 9. Ng5 Qe8 10. a4 c6 11. a5 Bc7 12. Qc2 d5 13. Bb3 Ng6 14. Be3 Qd8 15. c4
Ng4 16. Bc1 h6 17. Nxf7 Kxf7 18. cxd5 cxd5 19. Bxd5+ Ke7 20. a6 Bb6 21. axb7
Bxb7 22. Bxb7 Nxf2 23. Nd2 Ng4+ 24. Kh1 Rxf1+ 25. Nxf1 Qd4 26. Ne3 Nxe3 27. Qb1
Ng4 28. Bb2 Qe3 29. Qc1 Nf2+ 30. Kg1 Qxd3 31. h3 Ng4+ 32. Bd4 Bxd4+ 33. Kh1 Qg3
34. Qc7+ Kf6 35. Rf1+ Kg5 36. Rf5+ Kh4 37. Rh5+ Kxh5 38. hxg4+ Kg5 39. Qc3 Bxc3
40. Bd5 Qh4+ 41. Kg1 Bd4+ 42. Kf1 Qf2# {Hossa checkmated} 0-1

[Event "ICS rated standard match"]
[Site "204.178.125.65"]
[Date "2000.12.17"]
[Round "?"]
[White "Enroco"]
[Black "Hossa"]
[Result "0-1"]
[WhiteElo "2069"]
[BlackElo "2299"]
[PlyCount "62"]
[EventDate "2000.??.??"]

1. e4 e5 2. Nf3 Nf6 3. Nc3 Bb4 4. d3 d5 5. Bd2 d4 6. Ne2 Bxd2+ 7. Nxd2 c5 8. h3
O-O 9. f4 exf4 10. Nxf4 Qc7 11. g3 g5 12. Nh5 Nxh5 13. Qxh5 Qxg3+ 14. Kd1 Be6
15. Nf3 f6 16. Rg1 Qf2 17. h4 g4 18. Be2 Na6 19. Rf1 Qg3 20. Rg1 Qf4 21. Nd2
Qe3 22. Rg2 Qh3 23. Rg1 Qh2 24. Nf3 Qc7 25. Ne1 Kh8 26. Bxg4 Rg8 27. Nf3 Nb4
28. a3 Qf4 29. axb4 Bxg4 30. Rxg4 Qxf3+ 31. Kd2 Rxg4 {Enroco resigns} 0-1

[Event "ICS rated blitz match"]
[Site "204.178.125.65"]
[Date "2000.12.17"]
[Round "?"]
[White "Hossa"]
[Black "ChesterX"]
[Result "1-0"]
[WhiteElo "2558"]
[BlackElo "2728"]
[PlyCount "65"]
[EventDate "2000.??.??"]

1. e4 c5 2. Nf3 d6 3. Bb5+ Nc6 4. O-O Bd7 5. Re1 Nf6 6. c3 a6 7. Bxc6 Bxc6 8.
d4 Bxe4 9. Bg5 Bd5 10. dxc5 dxc5 11. Ne5 Ne4 12. Bf4 f6 13. c4 Bg8 14. Qa4+ b5
15. cxb5 fxe5 16. bxa6+ Kf7 17. Rxe4 Qd3 18. Rxe5 Rxa6 19. Qe4 Qd1+ 20. Qe1 Qd4
21. Bc1 Rg6 22. Bg5 e6 23. Nc3 Bd6 24. Re4 Rxg5 25. Rxd4 cxd4 26. Ne4 Rd5 27.
Nxd6+ Rxd6 28. Qe4 Rd7 29. Rd1 d3 30. Rxd3 Rxd3 31. Qxd3 h6 32. Qd7+ Kf6 33.
Qd8+ {ChesterX resigns} 1-0

[Event "ICS rated blitz match"]
[Site "204.178.125.65"]
[Date "2000.12.17"]
[Round "?"]
[White "ChesterX"]
[Black "Hossa"]
[Result "0-1"]
[WhiteElo "2705"]
[BlackElo "2581"]
[PlyCount "180"]
[EventDate "2000.??.??"]

1. e4 e5 2. Nf3 Nf6 3. Nxe5 Qe7 4. Nf3 Qxe4+ 5. Be2 Nc6 6. Nc3 Qg4 7. Nb5 Kd8
8. O-O d5 9. d4 a6 10. Nc3 Ke8 11. Re1 Be7 12. Bg5 Qd7 13. Ne5 Nxe5 14. dxe5
Ne4 15. Nxe4 dxe4 16. Bxe7 Kxe7 17. Bc4 Qxd1 18. Raxd1 Bf5 19. Rd5 Rad8 20. Rc5
c6 21. a4 Rd2 22. Bb3 Rhd8 23. Kf1 h6 24. h4 h5 25. a5 Kf8 26. Kg1 Rd1 27. Rf1
Ke7 28. Rxd1 Rxd1+ 29. Kh2 Rb1 30. Kg3 Rxb2 31. Kf4 g6 32. Rc4 Be6 33. Rb4 Bxb3
34. Rxb3 Rxc2 35. Kxe4 Re2+ 36. Kf3 Rxe5 37. Rxb7+ Ke6 38. Rb6 Rxa5 39. Rxc6+
Ke5 40. g3 Ra3+ 41. Ke2 a5 42. Rc7 Ke6 43. Rc6+ Kf5 44. Rc5+ Ke4 45. Rc4+ Kd5
46. Rc7 Ra2+ 47. Ke3 Ke6 48. Rc6+ Ke5 49. f4+ Kf5 50. Rc5+ Ke6 51. Rc6+ Kd7 52.
Ra6 Ra3+ 53. Kf2 Ra4 54. Kf3 Ra1 55. Ke4 Ra3 56. Ra7+ Ke6 57. f5+ gxf5+ 58. Kf4
Kf6 59. Ra6+ Kg7 60. Ra8 f6 61. Kxf5 Rf3+ 62. Ke6 Rxg3 63. Kf5 Rf3+ 64. Ke4 Rb3
65. Rxa5 Kg6 66. Ra4 Rg3 67. Kd5 Rg4 68. Ra8 Rxh4 69. Rc8 Kf5 70. Rc3 Rf4 71.
Kc6 h4 72. Rh3 Kg4 73. Rh2 h3 74. Kd5 Kg3 75. Re2 h2 76. Re1 Rh4 77. Rh1 Kg2
78. Rc1 h1=Q 79. Rxh1 Rxh1 80. Kd4 Kg3 81. Kd5 f5 82. Ke5 f4 83. Kd4 Rc1 84.
Ke4 Rd1 85. Ke5 f3 86. Ke4 f2 87. Kf5 f1=Q+ 88. Kg6 Rd4 89. Kh7 Rg4 90. Kh8
Qh1# {ChesterX checkmated} 0-1

[Event "ICS rated blitz match"]
[Site "204.178.125.65"]
[Date "2000.12.17"]
[Round "?"]
[White "Amateur"]
[Black "Hossa"]
[Result "1/2-1/2"]
[WhiteElo "2525"]
[BlackElo "2602"]
[PlyCount "73"]
[EventDate "2000.??.??"]

1. e4 e5 2. Nf3 Nf6 3. Nxe5 Qe7 4. d4 d6 5. Nf3 Nxe4 6. Be3 d5 7. Nbd2 Bg4 8.
Be2 Nc6 9. O-O O-O-O 10. Ne5 Bxe2 11. Qxe2 Nxe5 12. Nxe4 dxe4 13. dxe5 Qxe5 14.
Rfd1 Rxd1+ 15. Rxd1 Bd6 16. g3 Qxb2 17. Bd4 Qxa2 18. Bxg7 Re8 19. Ra1 Qd5 20.
Rxa7 Kd7 21. c4 Qg5 22. Bd4 Qc1+ 23. Kg2 Qb1 24. Qg4+ Re6 25. c5 Be7 26. Qh5
Qb3 27. Qxf7 Qf3+ 28. Qxf3 exf3+ 29. Kxf3 Kc6 30. h4 Rh6 31. Kg4 Rg6+ 32. Kh5
Re6 33. f3 Kd5 34. Bb2 Kc6 35. Bd4 Kd5 36. Bh8 Kc6 37. Bd4 {
Game drawn by repetition} 1/2-1/2

[Event "ICS rated blitz match"]
[Site "204.178.125.65"]
[Date "2000.12.17"]
[Round "?"]
[White "Hossa"]
[Black "Amateur"]
[Result "0-1"]
[WhiteElo "2599"]
[BlackElo "2528"]
[PlyCount "188"]
[EventDate "2000.??.??"]

1. d4 d5 2. c4 e6 3. Nf3 Nf6 4. Nc3 Be7 5. Qc2 Nc6 6. cxd5 Nxd5 7. e4 Nxc3 8.
bxc3 h6 9. Bd3 O-O 10. O-O Kh8 11. Bf4 Bd7 12. d5 Na5 13. c4 b6 14. Qc3 f6 15.
Be3 Qe8 16. c5 exd5 17. exd5 Bg4 18. cxb6 cxb6 19. Nd4 Bd6 20. Nb5 Qe5 21. Qxe5
Bxe5 22. Rab1 Rfd8 23. f4 Bb8 24. Rbc1 Bd6 25. h3 Bh5 26. g4 Bf7 27. Be4 Bf8
28. Nc7 Rab8 29. Rfe1 Ba3 30. Rc2 Rbc8 31. Bf5 Rb8 32. Rd1 Rb7 33. Ne6 Re8 34.
Bd2 Bd6 35. Bd3 Rbe7 36. Bxa5 bxa5 37. Rc6 Bb4 38. f5 h5 39. Rc2 Bd6 40. gxh5
Bxh5 41. Be2 Bxe2 42. Rxe2 Rc8 43. Rd3 Rc1+ 44. Kg2 Rb7 45. Nd8 Rbc7 46. Nc6
Rc4 47. Rde3 Kh7 48. Re4 Rc5 49. Rd2 Rc3 50. Rg4 Ra3 51. h4 Kh6 52. Re4 Kh5 53.
Nd8 Rg3+ 54. Kf2 Rcc3 55. Ne6 Rcf3+ 56. Ke2 Rxf5 57. Red4 Kg6 58. Rd1 Rg2+ 59.
Kd3 Rf3+ 60. Kc4 Kh7 61. a4 Rb2 62. R1d3 Rb4+ 63. Kc3 Rf1 64. Rxb4 axb4+ 65.
Kc4 Rh1 66. Rd4 f5 67. Kb3 Rh3+ 68. Kc4 Kg8 69. Ng5 Rc3+ 70. Kb5 b3 71. Rd1 Bg3
72. h5 Bf4 73. Ne6 Rc1 74. Rd3 b2 75. Rb3 b1=Q 76. Rxb1 Rxb1+ 77. Kc4 Rc1+ 78.
Kb5 Bd6 79. Ka6 f4 80. Ng5 Rd1 81. Ne4 Rxd5 82. Kxa7 Be7 83. Kb6 Rxh5 84. Kc6
Ra5 85. Kd7 Rxa4 86. Nf2 Bh4 87. Ng4 f3 88. Ne3 f2 89. Kd6 Bg5 90. Nf5 f1=Q 91.
Ng3 Qd3+ 92. Kc5 Rc4+ 93. Kb5 Qb3+ 94. Ka5 Ra4# {Hossa checkmated} 0-1

[Event "ICS rated blitz match"]
[Site "204.178.125.65"]
[Date "2000.12.17"]
[Round "?"]
[White "NimzoX"]
[Black "Hossa"]
[Result "1-0"]
[WhiteElo "2862"]
[BlackElo "2580"]
[PlyCount "191"]
[EventDate "2000.??.??"]

1. d4 Nf6 2. c4 g6 3. Nf3 Bg7 4. g3 O-O 5. Bg2 c6 6. O-O d5 7. cxd5 cxd5 8. Nc3
Nc6 9. Ne5 Bf5 10. Bg5 Re8 11. Bxf6 exf6 12. Nxc6 bxc6 13. e3 Qd7 14. Na4 Bf8
15. Rc1 Rab8 16. Qd2 Bb4 17. Qe2 Rb5 18. a3 Bf8 19. b4 Reb8 20. Qa2 Ra8 21. Nc3
Rb6 22. b5 Rc8 23. bxc6 Rbxc6 24. Nxd5 Bg4 25. e4 a5 26. a4 Bh5 27. Qb2 Kh8 28.
Nb6 Ba3 29. Qb3 Qd8 30. Rxc6 Rxc6 31. Nd5 Bf8 32. Qb7 Qe8 33. Qb5 Qc8 34. Qxa5
Be2 35. Re1 Bg4 36. Qb5 Rd6 37. Rb1 Rc6 38. h3 Bd7 39. Nb6 Rc1+ 40. Rxc1 Qxc1+
41. Qf1 Qc7 42. Nxd7 Qxd7 43. Qa1 Bg7 44. a5 Bf8 45. a6 Qa7 46. d5 Kg7 47. Kh2
Bc5 48. f4 Bd4 49. Qf1 g5 50. fxg5 fxg5 51. d6 h6 52. Qc4 Bf2 53. Qd5 Qe3 54.
Qe5+ f6 55. Qe7+ Kg6 56. Qe8+ Kg7 57. Qd7+ Kg6 58. Qf5+ Kg7 59. Qxf2 Qxf2 60.
d7 Qd2 61. a7 Qxd7 62. a8=Q h5 63. Qb8 Qd4 64. h4 gxh4 65. gxh4 Qc5 66. Kh3 Kh7
67. Qf4 Kg6 68. Bf3 Qc8+ 69. Kg3 Qc5 70. Qd2 Qg1+ 71. Kh3 Qa1 72. Qd3 Qc1 73.
e5+ Kh6 74. e6 Qe1 75. Be4 f5 76. e7 fxe4 77. Qd4 Qh1+ 78. Kg3 Qf3+ 79. Kh2
Qe2+ 80. Kg1 Qg4+ 81. Kf1 Qh3+ 82. Ke2 Qf3+ 83. Kd2 Qg2+ 84. Kc1 Qf1+ 85. Kc2
Qf7 86. Qh8+ Kg6 87. e8=Q Qxe8 88. Qxe8+ Kf6 89. Qxe4 Kf7 90. Qc6 Kg7 91. Kd3
Kf7 92. Ke4 Kg7 93. Kf5 Kf8 94. Qc7 Ke8 95. Ke6 Kf8 96. Qf7# {Hossa checkmated}
1-0

[Event "ICS rated blitz match"]
[Site "204.178.125.65"]
[Date "2000.12.17"]
[Round "?"]
[White "Hossa"]
[Black "ChesterX"]
[Result "1/2-1/2"]
[WhiteElo "2575"]
[BlackElo "2688"]
[PlyCount "139"]
[EventDate "2000.??.??"]

1. e4 e5 2. Nf3 Nf6 3. Nc3 Bb4 4. Bc4 Nc6 5. Nd5 Nxe4 6. Qe2 Nf6 7. Nxb4 Nxb4
8. Qxe5+ Kf8 9. Qc5+ Qe7+ 10. Qxe7+ Kxe7 11. Bb3 d6 12. a3 Nc6 13. O-O Bg4 14.
Re1+ Kf8 15. Re3 Bxf3 16. Rxf3 Nd4 17. Rd3 Re8 18. f3 c5 19. Re3 Rxe3 20. dxe3
Nxb3 21. cxb3 Ke7 22. Bd2 d5 23. Rd1 Ke6 24. b4 Rc8 25. bxc5 Rxc5 26. Bc3 Ne8
27. Bd4 Rc2 28. Kf1 f6 29. Re1 b6 30. Re2 Rc8 31. e4 Nd6 32. exd5+ Kxd5 33. Be3
Nf5 34. Rd2+ Ke6 35. Re2 Kd6 36. Rd2+ Ke7 37. Kf2 h5 38. g3 g6 39. h3 h4 40. g4
Nxe3 41. Kxe3 Rc1 42. Rh2 a6 43. f4 f5 44. Re2 Rh1 45. gxf5 gxf5 46. Kd4+ Kd6
47. Re5 Rxh3 48. Rxf5 Rh1 49. Rf6+ Ke7 50. Rh6 h3 51. Ke3 h2 52. Kf3 Rf1+ 53.
Kg2 Rxf4 54. Rxb6 Rf2+ 55. Kh1 a5 56. a4 Rc2 57. Rb5 Rd2 58. b3 Rb2 59. Rxa5
Rb1+ 60. Kxh2 Rxb3 61. Rd5 Rb4 62. a5 Kf7 63. Re5 Rb3 64. a6 Ra3 65. Rf5+ Ke7
66. Re5+ Kf7 67. Rf5+ Ke7 68. Re5+ Kf7 69. Rf5+ Ke7 70. Re5+ {
Game drawn by repetition} 1/2-1/2

[Event "ICS rated blitz match"]
[Site "204.178.125.65"]
[Date "2000.12.17"]
[Round "?"]
[White "Amateur"]
[Black "Hossa"]
[Result "1/2-1/2"]
[WhiteElo "2521"]
[BlackElo "2580"]
[PlyCount "302"]
[EventDate "2000.??.??"]

1. e4 e5 2. Nf3 Nf6 3. Nxe5 Qe7 4. d4 d6 5. Nf3 Nxe4 6. Be3 d5 7. Nbd2 Bg4 8.
Be2 Nc6 9. O-O O-O-O 10. Re1 Re8 11. Nxe4 Qxe4 12. Bd3 Qe6 13. h3 Bh5 14. Bd2
Qd7 15. Rxe8+ Qxe8 16. Bf5+ Kb8 17. c3 Bd6 18. Be3 Ne7 19. Bd3 Qc8 20. Bd2 h6
21. Qe2 Re8 22. Re1 c6 23. b3 f6 24. Qe6 Qc7 25. c4 Bxf3 26. Qf7 Qd8 27. c5 Bc7
28. gxf3 f5 29. Bxf5 Rf8 30. Qxe7 Rxf5 31. Qxd8+ Bxd8 32. Re8 Kc7 33. Ba5+ b6
34. cxb6+ axb6 35. Bxb6+ Kxb6 36. Rxd8 Rxf3 37. Rb8+ Ka5 38. Kg2 Rf4 39. Rb7 g5
40. Rh7 Rh4 41. Kg3 Kb4 42. f4 Rxf4 43. Rxh6 Ka3 44. Rxc6 Kxa2 45. b4 Rxd4 46.
b5 Kb3 47. b6 Rb4 48. Kf3 Ka4 49. Rd6 Kb5 50. Rxd5+ Kxb6 51. Rxg5 Rb3+ 52. Kg4
Rb4+ 53. Kh5 Kc6 54. Ra5 Kd6 55. h4 Ke6 56. Kg5 Kf7 57. h5 Kg7 58. h6+ Kh8 59.
Ra8+ Kh7 60. Ra7+ Kh8 61. Ra5 Rb8 62. Ra6 Rg8+ 63. Kh5 Rg3 64. Ra8+ Rg8 65. Ra7
Rg3 66. Re7 Rh3+ 67. Kg5 Rg3+ 68. Kh4 Rg2 69. Rc7 Rh2+ 70. Kg5 Rg2+ 71. Kf5
Rf2+ 72. Kg6 Rf8 73. Rh7+ Kg8 74. Re7 Kh8 75. Rc7 Rg8+ 76. Rg7 Rf8 77. Rd7 Rg8+
78. Kf6 Rf8+ 79. Kg5 Rg8+ 80. Kf5 Rf8+ 81. Kg4 Rg8+ 82. Kh5 Rg3 83. Ra7 Rh3+
84. Kg5 Rg3+ 85. Kf5 Rf3+ 86. Kg4 Rf2 87. Rb7 Rg2+ 88. Kf5 Rf2+ 89. Kg6 Rg2+
90. Kf6 Rh2 91. Kg6 Rg2+ 92. Kh5 Rh2+ 93. Kg5 Rh1 94. Rc7 Rg1+ 95. Kf5 Rf1+ 96.
Kg5 Rg1+ 97. Kf6 Rf1+ 98. Ke5 Re1+ 99. Kf6 Rf1+ 100. Ke6 Rh1 101. Kd5 Rxh6 102.
Rf7 Kg8 103. Re7 Kf8 104. Rc7 Kg8 105. Ke5 Kh8 106. Rf7 Kg8 107. Rd7 Kf8 108.
Kd4 Ke8 109. Rc7 Kf8 110. Ke5 Kg8 111. Re7 Kf8 112. Rd7 Ke8 113. Rg7 Kf8 114.
Ra7 Kg8 115. Rb7 Kf8 116. Kd5 Ke8 117. Ke5 Kf8 118. Kd4 Kg8 119. Rc7 Kh8 120.
Ra7 Kg8 121. Re7 Kh8 122. Ke4 Kg8 123. Rd7 Rh5 124. Ra7 Kh8 125. Rd7 Kg8 126.
Rb7 Kh8 127. Kf4 Kg8 128. Rc7 Kh8 129. Ra7 Kg8 130. Rd7 Kh8 131. Rc7 Kg8 132.
Ke4 Kh8 133. Rf7 Kg8 134. Rd7 Kh8 135. Rb7 Kg8 136. Kd4 Kh8 137. Rf7 Kg8 138.
Re7 Kh8 139. Ke4 Kg8 140. Rb7 Kh8 141. Kf4 Kg8 142. Rd7 Kh8 143. Re7 Kg8 144.
Ke4 Kh8 145. Rc7 Kg8 146. Kd4 Kh8 147. Re7 Kg8 148. Kd3 Kh8 149. Kc4 Kg8 150.
Re4 Kh8 151. Kd4 Rh3 {Game drawn by the 50 move rule} 1/2-1/2

[Event "ICS rated blitz match"]
[Site "204.178.125.65"]
[Date "2000.12.17"]
[Round "?"]
[White "Hossa"]
[Black "BOKTA"]
[Result "1/2-1/2"]
[WhiteElo "2577"]
[BlackElo "1980"]
[PlyCount "69"]
[EventDate "2000.??.??"]

1. e4 d6 2. d4 Nf6 3. Nc3 g6 4. Bg5 c6 5. Qd2 b5 6. Bd3 h6 7. Bxf6 exf6 8. d5
b4 9. Nce2 c5 10. c3 a5 11. Nf3 Ba6 12. Bxa6 Rxa6 13. cxb4 axb4 14. O-O Bg7 15.
Qc2 O-O 16. a4 bxa3 17. Rxa3 Qb6 18. Rfa1 Rxa3 19. Rxa3 Nd7 20. Ra2 Rb8 21. Nd2
Qb4 22. Nc3 Ne5 23. b3 Qd4 24. Ne2 Qd3 25. Qd1 h5 26. Nc1 Qd4 27. Ra4 Rb4 28.
Ra8+ Kh7 29. Ne2 Qd3 30. Nf4 Qd4 31. Ra2 Bh6 32. Ne2 Qd3 33. Nc1 Qd4 34. Ne2
Qd3 35. Nc1 {Game drawn by mutual agreement} 1/2-1/2

[Event "ICS rated standard match"]
[Site "204.178.125.65"]
[Date "2000.12.17"]
[Round "?"]
[White "Hossa"]
[Black "SOUMYA"]
[Result "1-0"]
[WhiteElo "2306"]
[BlackElo "1904"]
[PlyCount "59"]
[EventDate "2000.??.??"]

1. e4 c5 2. Nf3 d6 3. Bb5+ Bd7 4. Bxd7+ Nxd7 5. O-O e6 6. d4 cxd4 7. Qxd4 Ngf6
8. Nc3 Be7 9. Rd1 O-O 10. Bg5 h6 11. Bxf6 Nxf6 12. a3 Qc7 13. Rac1 Rfd8 14. Qe3
Ng4 15. Qf4 Nf6 16. Nd2 Nh5 17. Qf3 Nf6 18. Nb3 Nh7 19. Rd3 Bg5 20. Rcd1 Be7
21. Qg4 Nf6 22. Qf4 e5 23. Qd2 Nh5 24. Nd5 Qd7 25. Nc5 Qe8 26. Nxb7 Bg5 27. Qe2
Rd7 28. Nxd6 Rxd6 29. Qxh5 Rb8 30. Nc7 {SOUMYA resigns} 1-0